[Event "DEN-ch"]
[Site "Odense"]
[Date "1994.??.??"]
[Round "3"]
[White "Hansen, Curt"]
[Black "Danielsen, Henrik"]
[Result "1-0"]
[WhiteElo "2580"]
[BlackElo "2480"]
[Annotator "Ambroz,J"]
[PlyCount "111"]
[EventDate "1994.07.??"]
[EventType "tourn"]
[EventRounds "9"]
[EventCountry "DEN"]
[EventCategory "10"]
[SourceTitle "CBM 041"]
[Source "ChessBase"]
[SourceDate "1994.08.01"]
[SourceVersion "1"]
[SourceVersionDate "1994.08.01"]
[SourceQuality "1"]

1. d4 Nf6 2. c4 e6 3. g3 d5 4. Bg2 Be7 5. Nf3 O-O 6. O-O Nbd7 7. Qc2 c6 8. b3
b6 9. Bb2 Bb7 10. Nc3 Qc7 11. Rad1 (11. Rfd1 Rac8 (11... Rfd8 12. Rac1 Rac8 13.
e4 (13. e3 Qb8 14. Qe2 Re8 15. Ne5 $5 Nxe5 16. dxe5 Nd7 17. f4 Ba6 $13 {
Benko-Remlinger/NY open 1987}) 13... Nxe4 14. Nxe4 dxe4 15. Qxe4 c5 16. Qe2 Bf6
17. dxc5 Bxf3 18. Bxf3 bxc5 19. Bxf6 Nxf6 20. Rc2 Rxd1+ 21. Qxd1 Rd8 22. Rd2
Rd7 23. a3 a5 24. Rxd7 Nxd7 25. Qd2 {Rashkovskij-Jusupov /URS-ch/1979/0.5 (27)}
) 12. Rac1 c5 13. cxd5 exd5 14. dxc5 bxc5 15. e3 Rfd8 16. Nh4 Nb6 17. Nf5 Bf8
18. Qe2 Re8 19. Nb5 Qd7 20. Bh3 Kh8 $13 {Knoedler,O-Kunz,W/Wurt-ch 1985}) (11.
e4 dxe4 12. Nxe4 c5 13. Ned2 Rfe8 14. Rfe1 Rad8 15. Rad1 Qc8 $5 16. dxc5 Nxc5
17. Ne5 Bxg2 18. Kxg2 Ncd7 $10 {Filip,M-O Kelly,A/La Habana 1967}) 11... b5 12.
c5 b4 13. Nb1 Ba6 14. Rfe1 Ne4 15. Nbd2 f5 16. Nxe4 fxe4 17. Ne5 Nxe5 18. dxe5
Rab8 (18... Rf5 $5 19. Bh3 $140 Rxe5 20. Bxe5 (20. f4 $5) 20... Qxe5 21. f3 Rb8
$5 {/\ Rb5, >< Pc5} 22. fxe4 Rb5 23. exd5 Rxc5 24. Qd2 (24. Bxe6+ Qxe6) 24...
Rxd5 25. Qf4 $5) (18... Bc8 {/\ Bd7-e8-g6}) 19. Bd4 Qa5 {[#]} 20. f3 $1 exf3
21. exf3 Rf7 22. f4 {()} g6 23. Bh3 Bc8 24. Bg4 Qd8 25. Rf1 Qf8 26. h4 Qg7 27.
Kg2 Bd7 28. Rf2 Rb5 29. Be2 Rb8 30. Rh1 Rff8 31. Bg4 Rb7 32. h5 Bd8 (32... gxh5
33. Rxh5) (32... g5 33. f5 (33. h6 Qg6 34. Qxg6+ hxg6 35. h7+ Kh8 36. Be2 $5 {
/\ Bd3}) 33... exf5 34. Bxf5 Bxf5 35. Rxf5 h6 (35... Rbb8 36. h6 $1 Qh8 (36...
Qg6 37. Rxf8+) 37. Rd1 $5 $18) 36. Rd1 $5 $16) 33. hxg6 (33. Be2 $5 {/\ Bd3})
33... Qxg6 34. Qxg6+ hxg6 35. Kf3 Bc8 36. Rfh2 Rg7 37. Ke3 Be7 38. Rh8+ Kf7 39.
Rxf8+ Bxf8 {[#]} 40. a3 $1 $16 bxa3 (40... g5 41. Bh5+ Ke7 42. axb4 gxf4+ 43.
gxf4) 41. Ra1 g5 42. Bh5+ Kg8 43. Rxa3 gxf4+ 44. gxf4 Rh7 45. Be8 Rc7 (45...
Bd7 46. Bg6 Rg7 (46... Rh3+ 47. Ke2) 47. Bh5 Bc8 48. Kf3 {/\ Be8}) 46. b4 Be7
47. Ra1 Kf8 48. Bg6 Bd8 49. Bd3 Be7 50. Rh1 Kg8 51. Kf3 Bd7 52. f5 $1 exf5 53.
Kf4 Rb7 54. b5 $1 cxb5 55. Bxf5 Bxf5 (55... Bxf5 56. Kxf5 $18 {/\ e6} Bf8 57.
e6 Bg7 58. Rg1) 56. Kxf5 1-0

[Event "GRE-chT 39th"]
[Site "Eretria"]
[Date "2011.07.03"]
[Round "1.5"]
[White "Atalik, Suat"]
[Black "Zubarev, Alexander2"]
[Result "0-1"]
[WhiteElo "2619"]
[BlackElo "2597"]
[Annotator "Atalik,S"]
[PlyCount "134"]
[EventDate "2011.07.03"]
[EventType "team-swiss"]
[EventRounds "7"]
[EventCountry "GRE"]
[SourceTitle "CBM 143 Extra"]
[Source "ChessBase"]
[SourceDate "2011.08.29"]
[SourceVersion "1"]
[SourceVersionDate "2011.08.29"]
[SourceQuality "1"]
[WhiteTeam "Thessaloniki Galaxias"]
[BlackTeam "Heraklion OAA"]
[WhiteTeamCountry "GRE"]
[BlackTeamCountry "GRE"]

1. d4 Nf6 2. c4 e6 3. g3 {Once again I have chosen the Catalan.} d5 4. Bg2 Bb4+
(4... dxc4 5. Nf3 a6 (5... Nc6 6. Qa4 (6. O-O Rb8 7. Nc3 b5 8. Ne5 Nxe5 9. dxe5
Nd7 10. Qc2 $5 Nxe5 11. Be3 $44) 6... Bb4+ 7. Bd2 Nd5 8. Bxb4 Ndxb4 9. O-O O-O
(9... a6 10. Ne5 O-O 11. Nxc6 Nxc6 12. Bxc6 bxc6 13. Qxc4 Rb8 14. Nc3 Rxb2 (
14... Qd6 15. Ne4 Qd5 16. Qxd5 cxd5 17. Nc5 Rxb2 18. e3 $44) 15. Rab1 Rb6 16.
Qc5 h6 17. Rfd1 $44) (9... Bd7 10. Ne5 a5 11. Nxd7 Qxd7 12. Rd1 $44) (9... Rb8
10. Na3 O-O (10... a6 11. Ne5 O-O 12. Nxc6 Nxc6 13. Qxc4 Qxd4 14. Bxc6 Qxc4 15.
Nxc4 bxc6 16. Rfd1 $44) (10... Bd7 11. Qb5 $14) 11. Qb5 b6 12. Qxc4 Ba6 13. Nb5
Qd5 14. Qxd5 Nxd5 15. a4 $13) 10. a3 Nd5 11. Qxc4 $14) (5... b5 6. Ne5 Nd5 7.
a4 c6 8. O-O Bb7 (8... a6 9. e4 Nf6 10. d5 $40) 9. b3 cxb3 10. Qxb3 b4 11. a5
$44) (5... c6 6. O-O b5 7. Ne5 Bb7 8. a4 a6 (8... Qc8 9. b3 cxb3 10. Qxb3 b4
11. a5 $44) (8... Qb6) (8... Qc7 9. b3 cxb3 10. Qxb3 $44) 9. Nc3 Nd5 10. e4
Nxc3 11. bxc3 Nd7 12. f4 Be7 13. Ng4 Nf6 14. f5 exf5 15. Nxf6+ Bxf6 16. Ba3 Be7
17. exf5 Bxa3 18. Rxa3 O-O 19. f6 $44) 6. O-O b5 (6... Nc6 7. e3 $5 Rb8 (7...
Bd7 8. Qe2 b5 9. b3 cxb3 10. axb3 Be7 11. Bb2 O-O 12. Rc1 Nb4 13. Ne5 Rc8 (
13... Rb8 14. Nd2) 14. Na3 c5 15. dxc5 Bxc5 16. Nc2 $44) (7... Nd5 8. Qe2 b5 9.
Rd1 Bd6 10. b3 cxb3 11. axb3 $44) 8. Nfd2 (8. Qe2 b5 9. b3 cxb3 10. axb3 $44)
8... Qd7 9. Nxc4 b5 10. Ncd2 $13) 7. Ne5 Nd5 8. a4 Bb7 9. e4 Nf6 10. axb5 axb5
11. Rxa8 Bxa8 12. Nc3 c6 13. Bg5 Be7 14. Qa1 Bb7 15. Qa7 Qc8 16. d5 O-O 17.
dxe6 fxe6 18. Rd1 Na6 19. Nd7 Rf7 (19... Rd8 20. Bh3 $40) 20. Bxf6 gxf6 21. e5
$44) (4... Be7 5. Nf3 O-O 6. O-O c6 7. Qc2 b6 8. Rd1 {resembles these lines.})
5. Bd2 Be7 6. Nf3 O-O 7. O-O Nbd7 (7... c6 8. Qc2 b6 9. Rd1 Ba6 (9... dxc4 $2
10. Ne5 Qxd4 11. Bc3 Qc5 12. Na3 $16) 10. b3 Nbd7 11. Bf4 {I am only
interested in this one.} Rc8 (11... Nh5 12. Bc1 Nhf6 13. Nbd2 (13. Nc3 Rc8 (
13... dxc4 14. Ne5 Nxe5 15. dxe5 Nd5 16. bxc4 Bxc4 17. Bb2 $44) 14. Bb2 (14.
Bf4) 14... Qc7 15. e4 dxc4 16. Nd2 e5 (16... b5 17. bxc4 bxc4 18. Na4 c5 19. d5
exd5 20. exd5 $16) 17. Nxc4 exd4 18. Rxd4 b5 19. Ne3 Bc5 20. Ne2 $44)) 12. Nc3
Qe8 (12... h6 13. e4 (13. h3 dxc4 14. Nd2 Nd5 15. Nxc4 Nxf4 16. gxf4 Qc7 17. e3
) 13... dxc4 14. Nd2 (14. bxc4 Bxc4 15. Nd2 Ba6 16. Qa4 Bd3 17. Nb3 b5 18. Qxa7
Bc4) 14... b5 15. bxc4 bxc4 16. Bf1 (16. Na4 c5 17. d5 exd5 18. exd5 Nh5 19.
Be3 Bf6 20. Rab1 Bd4 $132) 16... Nb6 (16... c5 $2 17. d5 exd5 18. exd5) 17. a4
Bb4 18. a5 Nbd7 19. Na4 (19. Bxc4 Bxc4 20. Nxc4 Bxc3 21. Qxc3 Nxe4 22. Qd3 Nef6
23. Rab1 $44) 19... c5 20. Bd6 Bxd2 21. Rxd2 cxd4 22. Rxd4 $44) (12... dxc4 13.
Nd2 (13. bxc4 Bxc4 14. Nd2 Ba6 (14... b5 15. Nxc4 bxc4 16. Na4 Nd5 17. Bd2 N5b6
18. e4) 15. Qa4 Bb7 16. Qxa7 Ba8) 13... c5 (13... Nd5 14. bxc4 Nxf4 15. gxf4 b5
16. Nce4 Qc7 17. e3 $44 bxc4 18. Nxc4 c5 19. Qa4 Bxc4 20. Qxc4 Nb6 21. Qb5 cxd4
22. Rxd4 f5 23. Ng5) 14. dxc5 $1 (14. Nxc4 cxd4 15. Rxd4 Bc5 16. Rdd1 b5 17.
Nd6 b4 18. Nxc8 Qxc8 19. Rac1 bxc3 20. Qxc3 Bxe2 21. Rxd7 Nxd7 22. b4 Bxf2+ 23.
Kxf2 $44) 14... Bxc5 15. Nde4 Nxe4 16. Nxe4 cxb3 17. Qb2 bxa2 18. Rxa2 Bc4 19.
Rxa7 Bd5 20. Nxc5 bxc5 21. Bxd5 exd5 22. Rxd5 Qf6 $11) (12... c5 13. e4 cxd4
14. exd5 exd5 15. Nxd4) (12... Re8 13. e4 (13. h3 h6 14. e4 dxc4 15. bxc4 (15.
Nd2 b5 16. bxc4 bxc4 17. Bf1 Nb6 18. a4 Bb4 19. a5 Nbd7 20. Na4 c5 21. dxc5 e5
22. Be3 Qe7 23. Bxc4 Nxc5 24. Nxc5 Bxc4 25. Nxc4 Bxc5 26. Bxc5 Rxc5 27. Qe2 Rc6
28. Ne3) 15... Bxc4 16. Qa4 b5) 13... dxc4 14. Nd2 (14. bxc4 Bxc4 15. Nd2 (15.
Ne5 Nxe5 16. dxe5 Nd7 17. Rd4 b5 18. Rad1 Rc7 19. Qd2 Bb4 20. Bf1) 15... Ba6
16. Qa4 Bd3 17. Nb3 b5 18. Qxa7 Bc4 19. Nd2 $40) 14... b5 15. bxc4 bxc4 16. Bf1
(16. Na4 c5 17. d5 exd5 18. exd5 Nh5 19. Be3 Ne5) 16... Nb6 17. a4 Bb4 18. a5
Nbd7 19. Bxc4 Bb5 (19... Bxc4 20. Nxc4 Bxc3 21. Qxc3 Nxe4 22. Qc2 $16) 20. Qb3
Bxc3 21. Qxc3 Nd5 22. Qf3 Nxf4 23. Qxf4 $14) (12... b5 13. c5 b4 14. Na4 Bb5
15. a3 a5 (15... bxa3 16. Rxa3) 16. Ne1 $16) 13. e4 dxc4 14. bxc4 (14. Nd2 e5
15. dxe5 Ng4 16. Nxc4 Bxc4 17. bxc4 Bc5 18. Rd2 Ndxe5 19. Na4) 14... Bxc4 15.
Nd2 Ba6 16. Qa4 Bd3 17. Nb3 Bc2 (17... b5 18. Qa6) 18. Rdc1 Bxb3 19. axb3 $14)
8. Qc2 c6 9. Bf4 Nh5 10. Bc1 Nhf6 11. Rd1 (11. b3 $5 {may be a line with more
solid perspectives.} b5 12. c5 Ne4 13. Nbd2 f5 14. Bb2 a5 15. a3 Bf6 16. b4
Nxd2 17. Qxd2 a4 $132) (11. Nbd2 b6 12. e4 Ba6 13. Re1 Rc8 14. e5 Ne8 15. cxd5
cxd5 16. Qb1 Qc7 17. Nf1 Qc2 18. Qxc2 Rxc2 19. Ne3 $14) 11... dxc4 $5 {I have
not expected this.} (11... b6 12. b3 Bb7 13. Nc3 Rc8 14. e4 c5 15. exd5 exd5
16. dxc5 dxc4 17. b4 bxc5 18. b5 $44) (11... Ne4 12. Ne5 f5 13. Bf4 $14) 12.
Nbd2 (12. Qxc4 e5) 12... b5 13. b3 c3 14. Qxc3 Bb7 15. Qd3 Qb6 16. a4 a6 17.
Ba3 (17. a5 Qa7 18. Ne4 Nxe4 19. Qxe4 c5 $13) 17... Bxa3 18. Rxa3 c5 19. axb5
axb5 20. Rxa8 Rxa8 21. Rc1 cxd4 22. Qxd4 (22. Nxd4 Bxg2 23. Kxg2 Ne5 24. Qc3
$13 {was another option.}) 22... Ra2 23. Qxb6 Nxb6 24. Rc5 (24. Rc7 Bd5 25. Rc5
) 24... Nfd7 25. Rc7 (25. Rxb5 Ba6 26. Rb4 Bxe2 27. Bf1 Bxf1 28. Kxf1 $11)
25... Ba8 26. Nf1 (26. e4 $5 {should also bring no more than equality.}) 26...
Kf8 (26... Rxe2 27. Nd4 Ra2 28. Bxa8 Rxa8 29. Nxb5 $11) 27. Nd4 Bxg2 28. Kxg2
b4 29. Ne3 $5 {A risky move.} (29. Rc2 Rxc2 30. Nxc2 Nc5 (30... Nd5 31. Nd2 (
31. Nfe3 Nxe3+ 32. Nxe3 Nc5 33. Nc2 $11) 31... Nc5 32. e4 Nc3 33. Kf3 Na2 34.
e5 Nc1 $11) 31. Nd2 Nd5 32. e4 Nc3 33. Kf3 Na2 $11) 29... Rd2 30. Nc6 $2 {
Greedy, ambitious and stupid at the same time.} (30. Nec2 $3 g6 (30... e5 $2
31. Nf3 Rxe2 32. Kf1 Re4 33. h3) (30... Ke8 31. f4 Kd8 32. Ra7) 31. f4 Nf6 32.
Nf3 Rxe2+ 33. Kf1 Nfd5 34. Rxf7+ Kxf7 35. Kxe2 $14) 30... Rxe2 31. Nc4 (31. Rb7
g5 32. Nxb4 Rb2 33. Nc6 Rxb3 34. Nc4) 31... Rc2 32. Nxb4 Rc3 33. Rc6 $2 (33.
Nc6 g5 (33... Nxc4 $4 34. Rc8#) 34. Nxb6 Nxb6 35. b4 Nd5 36. Rc8+ Kg7 37. b5
Rb3 38. Rb8 Rb2 39. Kg1 Rb1+ 40. Kg2 $11) (33. Rb7 Nxc4) 33... Nxc4 34. bxc4 g5
$15 {I had some problems about the protection of my kingside.} 35. h3 h5 36.
Na2 Ra3 37. Nc1 (37. Nb4 g4 38. hxg4 hxg4 39. Nc2 Ra2 40. Ne3 Ne5 41. Rc5 f6
42. Rb5 $15 (42. Rxe5 $2 fxe5 43. Nxg4 e4 44. Ne3 Ke7 45. g4 Kf6 46. Kg3 Ke5
$17)) 37... g4 38. hxg4 (38. h4 $2 Ne5 39. Rc5 Nf3 $19) 38... hxg4 39. Ne2 Ne5
40. Rc5 Nf3 (40... f6 $2 41. Rc7 Nf3 42. c5 $132) 41. Rc8+ $5 (41. Ng1 $2 Ne1+
(41... Nd2 $17) 42. Kf1 Ra1 43. Ke2 Nc2 44. Kd2 Rxg1 45. Kxc2 Rg2 $19) (41. Rh5
$142 Ra2 42. Nc3 Rc2 43. Nd1 Rc1 44. Rh1 f5 45. Ne3 Rxh1 46. Kxh1 Ke7 {wins a
tempo compared the game continuation.}) 41... Ke7 $1 {A very good move. Now
the ending is very unpleasant for White.} (41... Kg7 42. Rd8 $3 (42. Ng1 Ne1+)
(42. c5 Ra2) 42... Ra1 43. c5 Re1 44. c6 Rxe2 45. c7 Re1 46. Rg8+ Kxg8 47.
c8=Q+ Kg7 48. Qh8+ $11) 42. Rh8 $1 (42. Rc7+ $2 Kf6 43. Rb7 Ra2 44. Nf4 Ra1 45.
Ne2 Re1 46. Rb2 Ke7 47. c5 Kd7 $19) 42... Ra2 43. Nc3 Rc2 44. Nd1 Rc1 45. Rh1
Kd6 46. Ne3 (46. Rf1 Nd2) 46... Rxh1 47. Kxh1 f5 48. Kg2 Nd2 $1 $15 {After
this White loses a pawn but the position seems to be playable.} 49. Nd1 Kc5 50.
Nb2 Kd4 51. c5 Kxc5 52. Nd3+ Kd4 53. Nf4 Ke5 (53... e5 54. Ne6+ Kd5 55. Ng7 Ke4
56. Kg1 $1 $15) 54. Nh5 Kd6 55. Nf4 e5 56. Ne2 Kd5 57. Nc3+ Kd4 58. Nb5+ Kc5
59. Nc7 (59. Nc3 Kc4 60. Na4) 59... Kc6 60. Ne8 $4 {It is hard to be believe
that I have lost my knight in a knights ending!} (60. Na6 Kb5 61. Nc7+ Kc4 62.
Ne8 $15 (62. Na6 Nb3 (62... f4 63. gxf4 exf4 64. Nc7 Kd3 65. Ne6 Ke4 66. Nc5+
$11) 63. Kf1 Nc5 (63... Nd4 64. Nb8 Kd5 65. Nd7) 64. Nc7 f4 65. gxf4 exf4 66.
Ne8 Ne4 67. Ng7 Kd4 68. Nf5+ Kd5 69. Nh6 Nf6 70. Kg2 Ke5 71. Kh2 Kd4 72. Kg1
Kd3 73. Kf1 f3 74. Nf5 Ke4 75. Ne3 g3 76. Ng2 $3 $11)) (60. Ne6 Nf3 61. Nd8+
Kc7 62. Ne6+ Kd6 63. Nd8 $15) 60... Nf3 $1 $19 61. Kf1 Nd4 62. Ke1 Kd7 63. Nf6+
Ke6 64. Ne8 Nb5 65. Kd2 Ke7 66. Ng7 Kf6 67. Ne8+ Kf7 {A bad start!} 0-1

[Event "YUG-Cup"]
[Site "Herceg Novi"]
[Date "2000.05.27"]
[Round "1"]
[White "Atalik, Suat"]
[Black "Lajthajm, Borko"]
[Result "1/2-1/2"]
[WhiteElo "2575"]
[BlackElo "2428"]
[Annotator "Atalik,S"]
[PlyCount "126"]
[EventDate "2000.05.27"]
[EventType "swiss"]
[EventRounds "7"]
[EventCountry "YUG"]
[SourceTitle "EXT 2003"]
[Source "ChessBase"]
[SourceDate "2002.11.25"]
[SourceVersion "1"]
[SourceVersionDate "2002.11.25"]
[SourceQuality "1"]

1. d4 d5 2. c4 e6 3. Nf3 Nf6 4. g3 Be7 5. Bg2 O-O 6. O-O Nbd7 7. Qc2 c6 8. Rd1
Ne4 9. b3 f5 10. Ba3 $5 Nd6 $5 11. Nc3 Qe8 12. e3 $1 dxc4 13. bxc4 (13. Bf1
cxb3 14. Qxb3 Nf7) 13... Nxc4 14. Bxe7 Qxe7 15. e4 $44 Nd6 16. Re1 fxe4 17.
Nxe4 Nxe4 18. Rxe4 Nf6 19. Rh4 Bd7 20. Re1 Rae8 21. Bf1 g6 22. Ne5 Qg7 (22...
g5 23. Rh3) 23. Bd3 g5 24. Rh3 h6 25. f4 g4 (25... gxf4 $2 26. Rh4 fxg3 27. Re3
$1 $18 (27. Rh3 $2 Nh5 $1 28. Rxh5 Rf2 $13)) 26. Rh4 Rd8 27. Qd1 h5 28. Ng6 Rf7
29. Re5 Be8 $2 (29... Qh6 30. Rexh5 Nxh5 31. Qxg4 Qg7 32. Qxh5 Be8 33. Ne5 Re7
34. Qe2 $44) 30. Bc4 $1 (30. Rg5 $6 Nh7 31. Ne7+ Rxe7 32. Rxg7+ Rxg7 33. Bc4
Nf8 $13) 30... Nh7 31. Rxe6 b5 32. Rxe8+ $6 (32. Bb3 c5 33. Ne5 c4 34. Rg6 Qxg6
35. Nxg6 cxb3 36. Qxb3 $18) 32... Rxe8 33. Bxf7+ Qxf7 34. Ne5 Qf5 35. h3 Nf6
36. hxg4 hxg4 37. Qb3+ (37. Nxg4 $6 Nxg4 38. Rxg4+ Kf8 39. Rg5 Qe6 $14) 37...
Re6 38. Qd1 Rd6 39. Rh6 c5 40. Qb3+ Rd5 41. Rxf6 (41. Rg6+ Kh7 42. Rxf6 Qe4 43.
Nxg4 $18) (41. Qxb5 $18) 41... Qe4 42. Qd3 $4 (42. Qd1 Qe3+ 43. Kg2 Qe4+ 44.
Kh2 Qh7+ 45. Kg1 $18) (42. Nxg4 $18) 42... Rxe5 43. Qxe4 Rxe4 44. dxc5 Rc4 45.
c6 $6 (45. Rc6 $1 Kf7 $1 (45... Rc1+ $2 46. Kf2 Rc2+ 47. Ke3 Rxa2 48. Rc8+ Kf7
49. c6 Ke6 50. f5+ Kd6 51. f6 Ra3+ 52. Kf4 Rf3+ 53. Kg5 b4 54. Kg6 b3 55. f7
$18) 46. Kf2 Rc3 $11) (45. Rg6+ Kf7 46. Rxg4 Rxc5 $11) 45... Kg7 $11 46. Rd6
Rc2 47. Rd7+ Kf6 48. c7 b4 49. Kf1 a5 50. Ke1 a4 51. Kd1 b3 52. axb3 axb3 53.
Rd3 Rxc7 54. Rxb3 Rh7 55. Ke2 Rh2+ 56. Ke3 Rg2 57. Ke4 Re2+ 58. Re3 Ra2 59. Kd3
Ra3+ 60. Kd4 Ra4+ 61. Kd5 Ra5+ 62. Kc4 Ra2 63. Kd3 Rg2 1/2-1/2

[Event "Belgrade Trophy 28th"]
[Site "Belgrade"]
[Date "2014.12.02"]
[Round "9"]
[White "Atalik, Suat"]
[Black "Zivkovic, Nemanja"]
[Result "1-0"]
[WhiteElo "2551"]
[BlackElo "2334"]
[Annotator "Atalik,S"]
[PlyCount "91"]
[EventDate "2014.11.24"]
[EventType "swiss"]
[EventRounds "9"]
[EventCountry "SRB"]
[SourceTitle "CBM 164"]
[Source "ChessBase"]
[SourceDate "2015.01.15"]
[SourceVersion "1"]
[SourceVersionDate "2015.01.15"]
[SourceQuality "1"]

1. d4 Nf6 2. c4 e6 3. g3 {An invitation to the Catalan which my opponent
accepted} d5 (3... c5 4. d5 d6 5. Nc3 exd5 6. cxd5 g6 7. Nf3 Bg7 8. Bg2 O-O 9.
O-O Re8 $1 {but this particular line in the Benoni keeps on intimidating
people.}) 4. Bg2 Be7 5. Nf3 O-O 6. Nc3 $5 (6. O-O dxc4 7. Ne5 Nc6 8. Bxc6 bxc6
9. Nxc6 Qe8 10. Nxe7+ Qxe7 $13) 6... c6 (6... dxc4 7. Ne5 Nc6 8. Bxc6 bxc6 9.
Nxc6 Qe8 10. Nxe7+ Qxe7 11. Qa4 $14 {In this very line Nc3 may fit well for
White rather than castling short in such positions.}) 7. O-O Nbd7 8. b3 $5 (8.
Bf4 Nh5) (8. Nd2 b5 $1) (8. Qd3 b6 9. e4 Ba6 10. b3 Rc8 11. Bf4 {leads to the
famous game Korchnoi-Petrosian, Moscow 1975 where Korchnoi scored big time
after their problematic match in Odessa.}) 8... b6 (8... b5 $6 9. cxb5 (9. c5
$5) 9... cxb5 10. Nxb5 Qa5 11. a4 $16) 9. Bb2 Bb7 {Where to deploy the bishop
is a matter of taste.} (9... Ba6 10. a4 $1 (10. Nd2 b5 11. cxb5 cxb5 12. a3 {
Kortschnoj-Lputian, Sarajevo1998.}) 10... Rc8 11. Nd2 {is a plan recommended
by Korchnoi.}) 10. Qc2 (10. Qd3 $5) (10. e3 $5 Rc8 11. Qe2 Qc7 $14) 10... Qc8
$5 {An interesting move I learned with this game. At first what Black is
trying to accomplish seemed incomprehensible to me.} ({The immediate} 10...
dxc4 $6 11. bxc4 c5 12. d5 exd5 13. cxd5 Nxd5 14. Nxd5 Bxd5 15. Rfd1 Be6 16.
Ne5 $16 {is bad so Black moves the queen away first.}) (10... c5 11. cxd5 Nxd5
12. Nxd5 Bxd5 13. e4) (10... Rc8 11. e4 {is a well known path in the Catalan.})
11. Rfd1 (11. Rac1 $6 dxc4 12. bxc4 c5 $132 {is one of Black's ideas.}) (11. e4
dxe4 12. Nxe4 Nxe4 13. Qxe4 c5 14. Qe2 $11 {is nothing special.} (14. d5 $2 Bf6
)) 11... Ba6 $1 {After the game I saw a couple of games played by IM Branimir
Maksimovic who turns out to be from the same city of Nis where Nemanja
Zivkovic is from.} 12. e4 $1 $146 {After having spent 30 minutes after his Qc8,
I came to the conclusion that this is a must. After all one should not play
the Catalan if one is afraid to lose a pawn!} (12. Nd2 b5 13. e4 (13. c5 $2 b4)
13... dxc4 14. bxc4 bxc4 {is seen in many games and provides Black with a
decent position.}) 12... dxc4 13. e5 (13. bxc4 Bxc4 14. Nd2 Ba6 15. Rac1 e5 16.
Nf3 $1 {is saved for other games in the future.}) 13... cxb3 $2 {An
unnecessary and bad move.} (13... Nd5 14. Ne4 Nb4 (14... cxb3 15. axb3 Nb4) 15.
Qd2 cxb3 16. axb3 $44) 14. axb3 Nd5 15. Ba3 $1 {This makes a huge difference
since the removal of the dark-squared bishops weakens the d6-square.} c5 $6 (
15... Bxa3 $6 16. Ng5 g6 17. Rxa3 $16) (15... Nxc3 $6 16. Bxe7 Nxd1 17. Ng5 g6
18. Bxf8 Nxf8 19. Ne4 $16) (15... Nb4 $142 $1 16. Bxb4 Bxb4 17. Ng5 g6 18. Qc1
Kg7 19. Qe3 $44) 16. Nxd5 exd5 17. Bh3 $1 {The sharpest possible reply.} (17.
dxc5 bxc5 18. Rxd5 (18. Bh3 Bb5 19. e6 fxe6 20. Bxe6+ Kh8 21. Rxd5 $5 Rxf3 22.
Rad1 Qa6 23. Bxd7 Bxd7 24. Rxd7 Qxa3 25. Qe4 $1 Raf8 26. Qxe7 Qb2 27. R1d2 Qb1+
28. Kg2 Qg6 29. Rd8 Kg8 $16) 18... Bb7 19. Rd2 $16) 17... Qc6 (17... Bb5 18.
dxc5 bxc5 19. e6 fxe6 20. Bxe6+ Kh8 21. Rxd5 Rxf3 22. Rad1 Qa6 23. Bxd7 Bxd7
24. Rxd7 Qxa3 25. Qe4 Raf8 26. Qxe7 Qb2 27. R1d2 Qa1+ 28. Kg2 $16) (17... Qc7
18. dxc5 Nxc5 19. Bf5 $1 Bc8 (19... g6 20. Bxc5 bxc5 21. Rxa6 gxf5 22. Qxf5 $18
) 20. Bxh7+ Kh8 21. Bf5 $16) 18. dxc5 (18. b4 $5) 18... Nxc5 $8 (18... bxc5 $2
19. Nd4 Qc7 20. Nf5 Rae8 21. Bb2 Bb7 22. Nxg7 $1 $18) 19. Nd4 Qe8 $8 (19... Qh6
$2 20. Nf5 Qxh3 21. Nxe7+ Kh8 22. Bxc5 $18) 20. Bxc5 bxc5 {It seems like Black
is about to hold but...} 21. Ne6 $1 {For me this is another must!} (21. Rxa6 $5
cxd4 22. Rxd4 Bd8 $1 23. Rxd5 Bb6 $44) 21... fxe6 (21... Bc8 $2 22. Nxf8 Bxh3
23. Qxh7+ Kxf8 24. Qh8#) 22. Rxa6 ({The rook should take on e6 but not the
bishop because of} 22. Bxe6+ $6 Kh8 23. Rxa6 Qb5 $1 $14) 22... Kh8 $1 23. Rxe6
Rd8 24. f4 $6 (24. Bg4 $142 $5 c4 25. bxc4 dxc4 $44) 24... Qf7 $2 $138 ({
The obvious move was} 24... c4 $1 25. Kh1 $5 $36 (25. bxc4 $6 dxc4 26. Rdd6 (
26. Rxd8 $2 Bc5+ 27. Kh1 Qxd8 28. Qxc4 Qd1+ 29. Bf1 Qf3+ 30. Bg2 Qe3 31. Qf1 a5
$44) 26... Qf7 27. Rc6 Bb4 28. Qxc4 a5 $44)) 25. Rc6 $1 d4 $6 (25... c4 26. Rc7
$1 cxb3 27. Qxb3 $16) 26. Rc7 $1 (26. Be6 Qe8 27. Ra6 $16) 26... a5 27. Rd3 $6
{I preferred Qc4 to Bf1-c4 which was strange indeed!} (27. Bf1 $1 Rc8 $140 $2
28. Rxc8 Rxc8 29. Rxd4 $1 $18) 27... Rb8 28. Qc4 Qh5 $6 (28... Qxc4 29. bxc4
Bd8 30. Rxc5 a4 $132) 29. Qe6 Bd8 30. Bg4 Qg6 $1 31. Qxg6 hxg6 32. Rxc5 $1 g5
33. f5 $2 $138 {Being also very low on time I missed a direct win.} (33. e6 $1
gxf4 34. e7 Bxe7 35. Rh5+ Kg8 36. Be6+) (33. Be6 $2 gxf4 34. gxf4 Rxf4 35. Rh3+
Bh4 $132) 33... Bb6 34. Rb5 $1 (34. Rc6 $6 Rfc8 35. Rxc8+ Rxc8 36. Kf2 Rc3 $140
$1 37. Rxc3 dxc3+ 38. Ke2 Bg1 $11) 34... Bc7 (34... Rfc8 35. Kg2 $16) 35. Rxb8
Rxb8 36. e6 Kg8 37. Rd1 $1 {Activating the rook is worth a pawn.} (37. Kg2 Be5
38. Kf3 Kf8 39. Ke4 Bf6 40. Kd5 Ke7 41. Kc6 $14) 37... Kf8 $1 (37... Rxb3 $2
38. Kf1 Bb6 39. Re1 Re3 40. Rb1 Bc7 41. Rb7 Rc3 42. Rb5 $1 $18 {and the rook
comes in via the d5-square.}) 38. Rc1 (38. Kg2 $142 Be5 39. Rc1 Bd6 (39... Rxb3
40. Rc5) 40. Rc6 Ke7 41. Ra6 {wins at least a tempo in the coming
complications.}) 38... Bd6 39. Rc6 Ke7 40. Ra6 Bc7 $2 {The notorious 40th move.
} ({Surprisingly enough} 40... Rxb3 $1 {was the only move.} 41. Rxa5 $5 $36 {
and it is still not a draw.} (41. Ra7+ Kf6 42. Rf7+ Ke5 43. Rxg7 $40 ({The
natural} 43. e7 $2 Rb8 44. f6 gxf6 45. Bd7 Bxe7 46. Rxe7+ Kd6 47. Rf7 Rb7 48.
Be8 Rxf7 49. Bxf7 a4 {and Black will exchange f- and g-pawns by force.} 50. Kf2
Ke5 51. Ke2 f5 52. Kd3 f4 53. gxf4+ gxf4 54. h4 Kf6 55. Bd5 a3 56. Ke2 Kg6 57.
Kd3 Kh5 58. Kxd4 Kxh4 59. Kd3 Kg3 60. Ke2 $11 {is a sample line.}))) 41. Ra7
Kd6 42. Bh5 $1 d3 43. Kf1 Rb5 $2 {The final mistake.} (43... Rh8 $142 $1 44. g4
g6 $1 45. Bxg6 $1 (45. fxg6 $6 Rg8 46. e7 Re8 47. g7 d2 $132) 45... Rxh2 46.
Ke1 Kc6 $1 (46... Re2+ 47. Kd1 Kc6 48. Ra6+ $1 Kb7 49. f6 $1 $18) 47. f6 (47.
e7 Re2+ 48. Kd1 Rxe7 49. f6 {transposes.}) 47... Re2+ 48. Kd1 Rxe6 49. f7 Rf6
50. Be4+ Kd7 51. Bd5 Rf2 52. Ke1 d2+ 53. Kd1 Kd6 54. Ra8 Kxd5 55. f8=Q Rxf8 56.
Rxf8 Bf4 57. Rf5+ $18) 44. Rxc7 $1 {The simplest winning method.} (44. e7 Rxf5+
45. Kg2 Kxe7 46. Rxc7+ Kd6 47. Rxg7 $18) 44... Rxf5+ 45. Kg2 ({There is no
need for a flash of stupidity:} 45. Ke1 $4 Kxc7 46. e7 Re5+ $19) 45... Kxc7 46.
e7 (46. e7 Re5 47. e8=Q Rxe8 48. Bxe8 d2 49. Bh5 $18) 1-0